Štúdium solidifikčných mikroštruktúr a fázového zloženia zliatiny na báze niklu typu SDK 52 : Diplomová práca

Salvato in:
Dettagli Bibliografici
Autore principale: Jánsky, Róbert (Autore)
Altri autori: Martinkovič, Maroš, 1957- (xxx)
Natura: Manoscritto Libro
Lingua:slovacco
Pubblicazione: Trnava : STU v Bratislave MtF KMI, 2000
Soggetti:
Tags: Aggiungi Tag
Nessun Tag, puoi essere il primo ad aggiungerne!!

MARC

LEADER 00000ntm a22000003a 4500
001 stu85615
005 20160719154722.2
008 040405s2000----xo------------------slo-d
040 |a STU  |b slo 
041 0 |a slo 
044 |a xo 
100 1 |a Jánsky, Róbert  |4 aut 
245 1 |a Štúdium solidifikčných mikroštruktúr a fázového zloženia zliatiny na báze niklu typu SDK 52 :  |b Diplomová práca 
260 |a Trnava :  |b STU v Bratislave MtF KMI,  |c 2000 
300 |a 72 s 
650 7 |a technológie strojárskej výroby  |2 stusub 
650 7 |a tepelné spracovanie  |2 stusub 
700 1 |a Martinkovič, Maroš,  |d 1957-  |4 xxx  |u M130  |U MTF Materiálovotechnologická fakulta  |T MTF Katedra materiálového inžinierstva  |X 206  |U M130  |Y 481  |7 A000000206